Statistiques concernant Personnages d'anime (manga) en images - V

Cliquez ici pour prendre le quiz!

Statistiques générales

  • Ce quiz a été pris 129 fois
  • Le résultat moyen est 4 sur 20

Statistiques - réponses

Réponse% Correct
Vivi Nefertari
87%
Violet Evergarden
58%
Vegetto
36%
Victor Nikiforov
34%
Vector
33%
Vanessa Enoteca
29%
Vash
17%
Vulcan Joseph
16%
Veldora
10%
Vivy
7%
Vladilena Milizé
7%
Victim
6%
Valkyrie Yuna
5%
Vodka
5%
Velvet Crowe
3%
Viktoriya Ivanovna Serebryakova
3%
Villetta Nu
2%
Vicious
1%
Vicke
1%
Vyrn
0%

Distribution des résultats

Percentile par nombre de réponses

% des personnes avec chaque résultat

Votre développement - résultats

Vous n’avez pas pris ce quiz